000 00520nam a2200181Ia 4500
003 GCL
008 140319s9999 xx 000 0 ara d
040 _aGCL /
_cGCL
082 0 4 _a813.03
_bش ح
100 1 _aشارل شهوان
245 1 0 _aحرب شوراع وقصص اخرى /
_cشارل شهوان
260 _a[S.N] :
_bرياض الريس للكتب والنشر ،
_c1991
300 _a120 ص
490 _a
650 0 4 _aالادب العربى
650 0 4 _aالقصص العربية
942 _2ddc
_cBK
999 _c54745
_d54745